[Event "ECC"]
[Site "Rethymnon GRE"]
[Date "2003.10.02"]
[Round "5"]
[White "Sandalakis,A"]
[Black "Dishman,S"]
[Result "0-1"]
[WhiteElo "2138"]
[BlackElo "2323"]
[EventDate "2003.09.28"]

1. e4 e5 2. Nf3 Nc6 3. Bc4 Nf6 4. d3 Be7 5. Nc3 O-O 6. O-O d6 7. h3 Na5 8.
Qe2 c6 9. a3 Nxc4 10. dxc4 Nd7 11. Rd1 Qc7 12. Bg5 f6 13. Be3 b6 14. Nh4 g6
15. Bh6 Rf7 16. Rd3 Nf8 17. Rg3 Kh8 18. Bxf8 Bxf8 19. Rd1 Be6 20. b3 Be7
21. Qd2 Bf8 22. Ne2 Rd8 23. Nc3 Rdd7 24. Nf3 Qd8 25. Nd5 Bg7 26. a4 Qf8 27.
Nh4 Bh6 28. Qe2 Bg5 29. Nf3 Bf4 30. Ne3 Bxg3 31. fxg3 Qd8 32. Nh4 d5 33.
cxd5 cxd5 34. exd5 Bxd5 35. Rf1 Be6 36. Rf2 Rd4 37. Nf3 Re4 38. Rf1 Rd7 39.
Qf2 Kg8 40. Kh2 Kg7 41. Rb1 f5 42. h4 h6 43. Nf1 f4 44. gxf4 exf4 45. c3
Qf6 46. Nd4 g5 47. Qf3 Bf5 48. Rd1 Rde7 49. hxg5 hxg5 50. Qh5 Qg6 51. Nxf5+
Qxf5 52. Nd2 Re1 53. Rxe1 Rxe1 54. Nf3 Re7 55. Nxg5 Re5 0-1

[Event "ECC"]
[Site "Rethymnon GRE"]
[Date "2003.10.02"]
[Round "5"]
[White "Taylor,P"]
[Black "Stavrianakis,I"]
[Result "1-0"]
[WhiteElo "2031"]
[BlackElo "2035"]
[EventDate "2003.09.28"]

1. c4 e6 2. Nf3 b6 3. g3 Bb7 4. Bg2 Be7 5. Nc3 f5 6. d4 Nf6 7. d5 O-O 8.
O-O Bb4 9. Bd2 Na6 10. Nd4 Qe8 11. Qb3 Bxc3 12. Bxc3 Nc5 13. Qc2 Nce4 14.
Bb4 Rf7 15. f3 Nc5 16. Bxc5 bxc5 17. dxe6 dxe6 18. Nb3 Qa4 19. Qc3 Nd7 20.
Na5 Rb8 21. Nxb7 Rxb7 22. f4 Rb6 23. e4 Nf6 24. e5 Nd7 25. Rfd1 Kf8 26. b3
Qa6 27. Rd2 Rb8 28. Rad1 Ke8 29. Qf3 Rb6 30. Qa8+ Rb8 31. Qc6 1-0

[Event "ECC"]
[Site "Rethymnon GRE"]
[Date "2003.10.02"]
[Round "5"]
[White "Schlosser,M"]
[Black "Paramonov,D"]
[Result "1/2-1/2"]
[WhiteElo "2367"]
[BlackElo "2354"]
[EventDate "2003.09.28"]

1. e4 c5 2. Nf3 d6 3. d4 cxd4 4. Nxd4 Nf6 5. Nc3 a6 6. Be3 e6 7. f3 Be7 8.
Qd2 Nc6 9. g4 O-O 10. O-O-O Nxd4 11. Bxd4 b5 12. Kb1 Nd7 13. h4 Bb7 14. Qf2
Qc7 15. g5 b4 16. Na4 Nc5 17. Nxc5 dxc5 18. Be3 c4 19. Bxc4 Qxc4 20. Rd7
Bxe4 21. fxe4 Rfe8 22. Rf1 e5 23. h5 Rad8 24. Ra7 Ra8 25. Rd7 Rad8 26. Ra7
Ra8 1/2-1/2

[Event "ECC"]
[Site "Rethymnon GRE"]
[Date "2003.10.02"]
[Round "5"]
[White "O'Donovan,R"]
[Black "Kantsler,B"]
[Result "0-1"]
[WhiteElo "2162"]
[BlackElo "2472"]
[EventDate "2003.09.28"]

1. e4 g6 2. d4 Bg7 3. Nf3 d6 4. Nc3 Nf6 5. h3 c6 6. a4 O-O 7. Be3 Nbd7 8.
a5 e5 9. Be2 exd4 10. Bxd4 Qe7 11. Qd3 Re8 12. Nd2 Bh6 13. Bxf6 Nxf6 14.
Ra4 d5 15. f3 Nh5 16. g4 Nf4 17. Qd4 Ng2+ 18. Kd1 Be3 19. Qb4 Bc5 20. Qb3
Be6 21. Ncb1 dxe4 22. Qc3 exf3 23. Bxf3 Ne3+ 24. Kc1 Nd5 25. Qe5 Qh4 26.
Qh2 Be3 27. Re4 Bd7 28. c4 Rxe4 29. Bxe4 Nf4 30. Nc3 Ne6 31. Kb1 Qf2 32.
Qxf2 Bxf2 33. Rf1 Bd4 34. Ne2 Bg7 35. Ng3 Nc5 36. Bg2 Be6 37. Kc2 Rd8 38.
b3 Nd3 39. Nde4 Nb4+ 40. Kc1 Rd3 41. Rf3 Rxf3 42. Bxf3 Be5 43. Kd2 Na6 44.
Ne2 Bc7 45. Nd4 Bc8 46. Ke3 Kg7 47. Bg2 f5 48. gxf5 gxf5 49. Nf2 Bxa5 50.
Nd3 Kf6 51. h4 Nb4 52. Nxb4 Bxb4 53. Ne2 Be1 54. h5 Kg5 55. Bf3 c5 56. Nc1
Bc3 57. Ne2 Be5 0-1

[Event "ECC"]
[Site "Rethymnon GRE"]
[Date "2003.10.02"]
[Round "5"]
[White "Cicak,S"]
[Black "Boidman,Y"]
[Result "1-0"]
[WhiteElo "2530"]
[BlackElo "2407"]
[EventDate "2003.09.28"]

1. e4 d5 2. exd5 Nf6 3. Bb5+ Bd7 4. Be2 Nxd5 5. d4 Bf5 6. a3 e6 7. c4 Nb6
8. Nc3 c5 9. Nf3 Be7 10. Be3 N8d7 11. dxc5 Nxc5 12. Nd4 Bg6 13. b4 Ne4 14.
Nxe4 Bxe4 15. O-O O-O 16. Nb5 Bf6 17. Qxd8 Rfxd8 18. Rad1 Bc6 19. Nxa7 Rxd1
20. Rxd1 Rxa7 21. b5 Be8 22. Bxb6 Rxa3 23. h3 Ra4 24. Be3 h6 25. Rd6 Ra1+
26. Bf1 e5 27. g4 Bh4 28. Kg2 f5 29. gxf5 Bh5 30. Bd3 Rd1 31. c5 Kf8 32.
Be4 Rxd6 33. cxd6 Be2 34. b6 Ba6 35. Bd5 Ke8 36. Be6 Bb5 37. Kf3 Bc6+ 38.
Kg4 Bf6 39. Kh5 e4 40. Kg6 Be5 41. Bc8 Kd8 42. d7 Bd5 43. Bc5 Bc6 44. Bf8
e3 45. fxe3 Be4 46. Bc5 Bd5 47. h4 1-0

[Event "ECC"]
[Site "Rethymnon GRE"]
[Date "2003.10.02"]
[Round "5"]
[White "Koerholz,L"]
[Black "Rasik,V"]
[Result "0-1"]
[WhiteElo "2336"]
[BlackElo "2466"]
[EventDate "2003.09.28"]

1. c4 g6 2. g3 Bg7 3. Bg2 d6 4. Nc3 e5 5. e3 Ne7 6. Nge2 O-O 7. O-O Nbc6 8.
Rb1 Be6 9. Nd5 Qd7 10. b4 Rfe8 11. d3 Rac8 12. b5 Nd8 13. Qa4 a6 14. Nec3
axb5 15. Rxb5 Bh3 16. Ne4 Nxd5 17. Bxh3 Qxh3 18. cxd5 Qd7 19. Qb3 b6 20.
Bd2 f5 21. Nc3 Nf7 22. f4 exf4 23. gxf4 Nh6 24. a4 Qe7 25. Rf3 Qh4 26. Nd1
g5 27. Rb4 gxf4 28. Rbxf4 Ng4 29. h3 Ne5 30. Rxh4 Nxf3+ 31. Kf2 Nxh4 32. a5
bxa5 33. Bxa5 f4 34. e4 Ng6 35. Bc3 Ne5 36. Bxe5 Rxe5 37. Qb7 Rf8 38. Qxc7
Rg5 39. Qc4 Rh5 40. Kf1 Rxh3 41. Nf2 Rg3 42. Qb4 Rg6 43. d4 f3 44. Qb2 Bf6
45. e5 Bh4 46. Qb5 Rg2 47. Ne4 Rc8 48. Qb1 Rgc2 49. Nc5 Rf2+ 50. Kg1 dxc5
51. Qe4 Ra8 52. Qg4+ Kh8 53. Qxh4 Rg2+ 54. Kf1 Ra1+ 55. Qe1 Rxe1+ 56. Kxe1
cxd4 57. d6 Re2+ 0-1

[Event "ECC"]
[Site "Rethymnon GRE"]
[Date "2003.10.02"]
[Round "5"]
[White "Nedela,V"]
[Black "Brittner,S"]
[Result "0-1"]
[WhiteElo "2381"]
[BlackElo "2245"]
[EventDate "2003.09.28"]

1. Nf3 Nf6 2. c4 e6 3. b3 c5 4. Bb2 b6 5. g3 Bb7 6. Bg2 Be7 7. O-O O-O 8.
Re1 d6 9. d3 Nbd7 10. Nc3 a6 11. a3 Qc7 12. Rc1 Rac8 13. b4 Qb8 14. Qb3 Qa8
15. e4 Ng4 16. b5 a5 17. Rf1 f5 18. h3 Nge5 19. Ne1 f4 20. gxf4 Ng6 21. f5
exf5 22. Nd5 Bxd5 23. cxd5 Nf4 24. Rc2 Bf6 25. Bc1 Be5 26. Bxf4 Bxf4 27.
exf5 Rxf5 28. Be4 Rh5 29. Ng2 Rf8 30. d4 cxd4 31. Rc7 Nc5 32. Qd1 g6 33.
Bf3 Rxh3 34. Nxf4 Rxf4 35. Bg2 Rh5 36. Re1 Rhf5 37. Bh3 Rg5+ 38. Kf1 Qxd5
39. Re8+ Rf8 40. Ree7 Qh1+ 41. Ke2 Qf3+ 42. Kd2 Qc3+ 43. Ke2 Qb2+ 44. Qd2
Rxf2+ 45. Kxf2 Qxd2+ 0-1

[Event "ECC"]
[Site "Rethymnon GRE"]
[Date "2003.10.02"]
[Round "5"]
[White "Trauth,M"]
[Black "Sikora Lerch,J"]
[Result "0-1"]
[WhiteElo "2202"]
[BlackElo "2324"]
[EventDate "2003.09.28"]

1. Nf3 c5 2. c4 g6 3. g3 Nc6 4. Bg2 Bg7 5. Nc3 d6 6. O-O a6 7. b3 Rb8 8.
Bb2 f5 9. e4 e5 10. exf5 Bxf5 11. Nh4 Nh6 12. Nxf5 Nxf5 13. Bd5 Nce7 14.
Qf3 Nxd5 15. Qxd5 Ne7 16. Qd3 O-O 17. Ne4 Nf5 18. Qd5+ Kh8 19. Kh1 Qe7 20.
d3 Rbd8 21. Bc1 h6 22. Be3 Qd7 23. Nd2 Rf7 24. Rae1 Rdf8 25. Kg2 Kh7 26. f3
Ne7 27. Qe4 Ng8 28. Bg1 b6 29. Qh4 Bf6 30. Qg4 Qb7 31. h4 h5 32. Qe4 Qd7
33. Qd5 Bg7 34. Ne4 Re7 35. Be3 Nf6 36. Nxf6+ Bxf6 37. a4 Rd8 38. Bd2 Qe6
39. b4 Qxd5 40. cxd5 Rc7 41. Rc1 Rdc8 42. Rc2 cxb4 43. Rxc7+ Rxc7 44. Bxb4
a5 45. Bxd6 Rd7 46. Bb8 Rxd5 47. Rb1 Bd8 48. Rb5 Rxb5 49. axb5 a4 50. Bxe5
a3 51. g4 Bxh4 52. Kf1 Kg8 53. d4 Kf7 0-1

[Event "ECC"]
[Site "Rethymnon GRE"]
[Date "2003.10.02"]
[Round "5"]
[White "Corbin,P"]
[Black "Babula,M"]
[Result "0-1"]
[WhiteElo "2235"]
[BlackElo "2329"]
[EventDate "2003.09.28"]

1. e4 Nc6 2. Nf3 e6 3. d4 d5 4. e5 f6 5. exf6 Nxf6 6. c3 Bd6 7. Bd3 O-O 8.
Bg5 e5 9. dxe5 Nxe5 10. Nxe5 Bxe5 11. Qd2 h6 12. Bh4 Qd6 13. Bg3 Ng4 14.
O-O Bxg3 15. hxg3 Bf5 16. Be2 Nf6 17. Bf3 Rad8 18. Na3 Qb6 19. Rad1 Be4 20.
Qc1 c5 21. Nc2 Bxf3 22. gxf3 d4 23. cxd4 cxd4 24. Ne1 Qb5 25. Rd3 Rd5 26.
Qd2 Rfd8 27. Nc2 Qxb2 28. Rd1 Qxa2 29. Ra3 Qb2 30. Rxa7 Rc8 31. Nb4 Qxd2
32. Rxd2 Rd7 33. Kg2 Kf7 34. Nd3 Re7 35. Rb2 Rcc7 36. g4 Ke6 37. Nf4+ Kd6
38. Rb4 Rcd7 39. Rxd4+ Kc5 40. Rxd7 Rxd7 41. Kf1 g5 42. Ng2 Rd1+ 43. Ke2
Rb1 44. Ne3 Rb2+ 45. Ke1 Nd5 46. Nxd5 Kxd5 47. Ra8 Kc4 48. Rh8 Rb6 49. Rf8
Kd3 50. Rd8+ Kc2 51. Kf1 Rf6 52. Kg2 Kc3 53. Rd5 Kc4 54. Re5 b5 55. Re4+
Kd5 56. Re3 b4 57. Kf1 Re6 0-1

[Event "ECC"]
[Site "Rethymnon GRE"]
[Date "2003.10.02"]
[Round "5"]
[White "Schwaninger,W"]
[Black "Glek,I"]
[Result "0-1"]
[WhiteElo "2207"]
[BlackElo "2566"]
[EventDate "2003.09.28"]

1. b3 e5 2. Bb2 Nc6 3. e3 Nf6 4. Bb5 Bd6 5. Nf3 e4 6. Bxc6 dxc6 7. Ne5 O-O
8. O-O Re8 9. f4 exf3 10. Nxf3 Bg4 11. Qe1 Ne4 12. Qh4 Qxh4 13. Nxh4 Bc5
14. Nf5 Bxf5 15. Rxf5 g6 16. Rf3 Rad8 17. d4 Bd6 18. h4 h5 19. Nc3 Ng3 20.
Kf2 Nf5 21. Rh1 Nh6 22. g3 Ng4+ 23. Ke2 Bf8 24. Nd1 c5 25. c3 cxd4 26. cxd4
Bg7 27. Kf1 c5 28. Kg2 cxd4 29. Bxd4 Bxd4 0-1

[Event "ECC"]
[Site "Rethymnon GRE"]
[Date "2003.10.02"]
[Round "5"]
[White "Marechal,A"]
[Black "Kreindl,H"]
[Result "1/2-1/2"]
[WhiteElo "2256"]
[BlackElo "2201"]
[EventDate "2003.09.28"]

1. e4 c6 2. d4 d5 3. Nc3 dxe4 4. Nxe4 Bf5 5. Ng3 Bg6 6. h4 h6 7. Nh3 e6 8.
Nf4 Bh7 9. Bc4 Nf6 10. c3 Bd6 11. Qf3 Nbd7 12. Nfh5 O-O 13. Be3 a5 14.
O-O-O b5 15. Bd3 Rc8 16. Bxh7+ Kxh7 17. Ne4 Nxe4 18. Qxe4+ Kh8 19. g4 Nf6
20. Nxf6 Qxf6 21. g5 Qg6 22. Qxg6 fxg6 23. h5 gxh5 24. Rxh5 Rf5 25. Rdh1
Kh7 26. gxh6 g6 27. R5h4 Rcf8 28. Re4 e5 29. Rd1 R8f7 30. Kc2 exd4 31.
Rdxd4 Be5 32. Rd8 Bf4 33. Bd4 Kxh6 34. Rc8 Rc7 35. Rxc7 Bxc7 36. Re6 c5 37.
Be3+ Bf4 38. Kd2 Bxe3+ 39. Kxe3 a4 40. c4 bxc4 41. Re4 a3 42. bxa3 Rf6 43.
Rxc4 Ra6 44. a4 g5 45. Re4 Kg6 46. Kd3 Rf6 47. Ke3 Ra6 48. Rc4 Re6+ 49. Kf3
Rf6+ 50. Kg3 Ra6 51. f3 Ra8 52. Kf2 Rb8 53. Rxc5 Rb2+ 54. Ke3 Rxa2 55. Ra5
Kf6 56. Ra8 Ke5 57. Re8+ Kf5 58. Re4 Ra3+ 59. Kf2 Ra2+ 60. Kg3 Ra1 61. Rb4
Rg1+ 62. Kf2 Ra1 63. Kg2 Kg6 64. Kg3 Rg1+ 65. Kf2 Ra1 66. Ke3 Re1+ 67. Kd4
Rf1 68. Ke4 Re1+ 69. Kd3 Kf5 70. Kd2 Ra1 71. Ke3 Ra3+ 72. Kf2 Ra1 73. Kg2
Kg6 74. Rg4 Kf5 75. Kf2 Ra2+ 76. Kg3 Ra1 77. Rc4 Rg1+ 78. Kf2 Ra1 79. Kg2
Kg6 80. f4 gxf4 81. Kf3 Kf5 82. Rxf4+ Ke5 83. Rh4 Ra3+ 84. Ke2 Kd5 85. Kd2
Kc5 86. Kc2 Kb6 87. Kb2 Rg3 88. Rh5 Ka6 1/2-1/2

[Event "ECC"]
[Site "Rethymnon GRE"]
[Date "2003.10.02"]
[Round "5"]
[White "Lenz,A"]
[Black "Huesmann,T"]
[Result "0-1"]
[WhiteElo "2189"]
[BlackElo "2282"]
[EventDate "2003.09.28"]

1. c4 e5 2. Nc3 d6 3. Nf3 f5 4. d4 e4 5. Ng5 Be7 6. Nh3 c5 7. dxc5 dxc5 8.
Qxd8+ Bxd8 9. Nf4 Nf6 10. e3 Nc6 11. Nfd5 Be6 12. Bd2 Rc8 13. Be2 Bxd5 14.
Nxd5 Nxd5 15. cxd5 Nb4 16. Bb5+ Ke7 17. Bxb4 cxb4 18. Ba4 Kd6 19. Bb3 Bf6
20. Rb1 b5 21. a3 bxa3 22. bxa3 Rc3 23. Ke2 Rhc8 24. Rhd1 a6 25. Rd2 a5 26.
a4 b4 27. Kd1 R8c5 28. Ke2 g5 29. Kd1 Be5 30. Ke2 Rc7 31. h3 f4 32. Rdb2
Rc8 33. Rd2 Bf6 34. Rdd1 fxe3 35. fxe3 g4 36. Rf1 Bg5 37. Rf5 Rxe3+ 38. Kf1
gxh3 39. gxh3 h6 0-1

[Event "ECC"]
[Site "Rethymnon GRE"]
[Date "2003.10.02"]
[Round "5"]
[White "Petzold,K"]
[Black "Zsifkovits,R"]
[Result "1-0"]
[WhiteElo "2275"]
[BlackElo "2118"]
[EventDate "2003.09.28"]

1. c4 e6 2. Nc3 c5 3. Nf3 Nc6 4. d4 d5 5. cxd5 exd5 6. g3 Nf6 7. Bg2 Be7 8.
O-O O-O 9. dxc5 Bxc5 10. Na4 Be7 11. Be3 Re8 12. Rc1 Ng4 13. Bc5 Be6 14.
Nd4 Nxd4 15. Bxd4 b6 16. Qb3 Bf6 17. Rcd1 Bxd4 18. Rxd4 Qf6 19. Qb4 h5 20.
Nc3 a5 21. Qa4 Rad8 22. Qd1 Qe5 23. e4 h4 24. exd5 Nf6 25. Re1 Qd6 26. Nb5
Qc5 27. dxe6 Rxd4 28. Nxd4 Rd8 29. exf7+ Kxf7 30. Qb3+ Kg6 31. Ne6 1-0

[Event "ECC"]
[Site "Rethymnon GRE"]
[Date "2003.10.02"]
[Round "5"]
[White "Tzermiadianos,And"]
[Black "Fahrner,K"]
[Result "1-0"]
[WhiteElo "2418"]
[BlackElo "2369"]
[EventDate "2003.09.28"]

1. e4 Nf6 2. e5 Nd5 3. d4 d6 4. Nf3 Bg4 5. Be2 e6 6. O-O Be7 7. c4 Nb6 8.
Nc3 O-O 9. h3 Bh5 10. Be3 a5 11. exd6 cxd6 12. Qb3 Na6 13. Qb5 d5 14. g4
Bg6 15. c5 Nd7 16. Qxb7 Nb4 17. Bb5 Nf6 18. Bf4 Ne4 19. Bc7 Qc8 20. Qxc8
Rfxc8 21. Bh2 Nc2 22. Rad1 Na3 23. Bd7 Rd8 24. Nxe4 Bxe4 25. Ne5 Nc4 26. c6
Bd6 27. Rc1 Nxe5 28. Bxe5 Bxe5 29. dxe5 h5 30. Rfd1 hxg4 31. hxg4 Kf8 32.
c7 Rxd7 33. c8=Q+ Rxc8 34. Rxc8+ Ke7 35. Rdc1 Bf3 36. R8c7 Bxg4 37. f4 f6
38. Kf2 a4 39. Rxd7+ Kxd7 40. Rg1 f5 41. Rc1 Bh5 42. Ke3 Be8 43. Kd4 Kd8
44. Kc5 g5 45. fxg5 Ke7 46. Kd4 Kf7 47. Ke3 Kg6 48. Kf4 Bb5 49. Rc5 Bd3 50.
b4 axb3 51. axb3 Be4 52. Rc6 Kf7 53. g6+ Kxg6 54. Rxe6+ Kf7 55. Rd6 Ke7 56.
b4 1-0

[Event "ECC"]
[Site "Rethymnon GRE"]
[Date "2003.10.02"]
[Round "5"]
[White "Mastrokoukos,G"]
[Black "Ebner,H"]
[Result "1/2-1/2"]
[WhiteElo "2363"]
[BlackElo "2256"]
[EventDate "2003.09.28"]

1. d4 Nf6 2. Nf3 g6 3. c4 Bg7 4. g3 O-O 5. Bg2 c6 6. O-O d6 7. Nc3 Qa5 8.
h3 Be6 9. Qd3 Qa6 10. b3 d5 11. Ne5 Rd8 12. cxd5 Qxd3 13. Nxd3 Nxd5 14.
Nxd5 Bxd5 15. e3 Bxg2 16. Kxg2 Nd7 17. Ba3 e5 18. dxe5 Nxe5 19. Nxe5 Bxe5
20. Rad1 Bf6 21. Bd6 Rd7 22. Bc5 1/2-1/2

[Event "ECC"]
[Site "Rethymnon GRE"]
[Date "2003.10.02"]
[Round "5"]
[White "Loebler,H"]
[Black "Logothetis,S"]
[Result "1-0"]
[WhiteElo "2216"]
[BlackElo "2255"]
[EventDate "2003.09.28"]

1. c4 Nf6 2. Nc3 e5 3. g3 Bb4 4. Bg2 O-O 5. Nd5 Nxd5 6. cxd5 c6 7. Qb3 Na6
8. Nf3 Re8 9. O-O Bf8 10. d4 exd4 11. Nxd4 Nc5 12. Qc2 cxd5 13. Bxd5 Ne6
14. Nb5 a6 15. Nc3 Rb8 16. Be3 Bc5 17. Bxc5 Nxc5 18. Bxf7+ Kxf7 19. Qf5+
Qf6 20. Qxc5 Qc6 21. Qh5+ Qg6 22. Qxg6+ Kxg6 23. Rfd1 b5 24. b4 Kf7 25. Kf1
Rb6 26. Rd3 Rh6 27. Kg1 Rc6 28. e4 Rc4 29. a3 Re7 30. f3 Bb7 31. h4 Bc6 32.
Rad1 h6 33. h5 Re5 34. g4 Ke7 35. Kf2 Re6 36. R1d2 Re5 37. Kg3 Re6 38. Ne2
Rf6 39. Nd4 a5 40. Nf5+ Kf8 41. bxa5 Ra4 42. Re3 Rxa5 43. e5 Re6 44. Nd4
Re7 45. f4 Ra4 46. f5 b4 47. axb4 Rxb4 48. e6 Bd5 49. Re5 Bc4 50. Ra5 dxe6
51. fxe6 Rxe6 52. Nxe6+ Bxe6 53. Rf2+ Kg8 54. Ra8+ Kh7 55. Rff8 Rxg4+ 56.
Kf3 1-0

[Event "ECC"]
[Site "Rethymnon GRE"]
[Date "2003.10.02"]
[Round "5"]
[White "Kounalakis,E"]
[Black "Pfaffel,T"]
[Result "0-1"]
[WhiteElo "2158"]
[BlackElo "2126"]
[EventDate "2003.09.28"]

1. d4 d5 2. Nf3 e6 3. Bg5 Be7 4. Bxe7 Qxe7 5. Nbd2 Nf6 6. e3 Nbd7 7. c3 e5
8. dxe5 Nxe5 9. Qa4+ c6 10. Nxe5 Qxe5 11. Qb4 Qc7 12. Bd3 a6 13. h3 c5 14.
Qh4 Be6 15. O-O h6 16. Qa4+ Bd7 17. Qc2 O-O 18. b4 Rac8 19. Rac1 Qe5 20.
Nf3 Qh5 21. Qe2 Rfe8 22. bxc5 Rxc5 23. Nd4 Qe5 24. c4 dxc4 25. Rxc4 Rxc4
26. Bxc4 b5 27. Nf3 Qc5 28. Bb3 Bc6 29. Rd1 a5 30. Nd4 Bd7 31. Qd2 a4 32.
Bc2 Qg5 33. Kf1 Bc8 34. Rb1 Bb7 35. f4 Qg3 36. Nf5 Qh2 37. Qf2 Ne4 38. Bxe4
Bxe4 39. Nd6 Qh1+ 40. Ke2 Qxb1 0-1

[Event "ECC"]
[Site "Rethymnon GRE"]
[Date "2003.10.02"]
[Round "5"]
[White "Herndl,G"]
[Black "Alexakis,D"]
[Result "1-0"]
[WhiteElo "2181"]
[BlackElo "2233"]
[EventDate "2003.09.28"]

1. Nf3 Nf6 2. d3 d5 3. Nbd2 c5 4. e4 Nc6 5. g3 b6 6. Bg2 Bb7 7. O-O dxe4 8.
dxe4 e5 9. c3 Bd6 10. Nh4 O-O 11. Qf3 Bc7 12. Rd1 Qe7 13. Nf5 Qe6 14. Bh3
Qe8 15. Nf1 Ne7 16. Nh6+ Kh8 17. Bg5 Nxe4 18. Bxe7 Qxe7 19. Rd7 Ng5 20. Qh5
Nf3+ 21. Qxf3 Qxd7 22. Qxb7 Qxh3 23. Nxf7+ Kg8 24. Qd5 Qh5 25. Nd8+ Kh8 26.
Qxa8 Rxd8 27. Qxa7 Qf7 28. Qb7 Rf8 29. Qg2 Rd8 30. Qe4 h6 31. Qe2 Qd7 32.
Ne3 Qa4 33. Rd1 Rxd1+ 34. Qxd1 Qxa2 35. Qd7 Qa1+ 36. Kg2 Qa8+ 37. Nd5 Qd8
38. Qxd8+ Bxd8 39. Kf3 Bg5 40. Nxb6 Bc1 41. Nc4 Kg8 42. Ke4 1-0

[Event "ECC"]
[Site "Rethymnon GRE"]
[Date "2003.10.02"]
[Round "5"]
[White "Nyysti,S"]
[Black "Walsh,C"]
[Result "1-0"]
[WhiteElo "2399"]
[BlackElo "2170"]
[EventDate "2003.09.28"]

1. e4 e6 2. d4 d5 3. Nc3 Bb4 4. e5 c5 5. a3 Bxc3+ 6. bxc3 Qc7 7. Qg4 f5 8.
exf6 Nxf6 9. Qg3 Qxg3 10. hxg3 Nc6 11. dxc5 O-O 12. f3 Nd7 13. Bd3 g6 14.
Be3 e5 15. Rh4 Nf6 16. c4 d4 17. Bh6 Rf7 18. Ne2 Be6 19. Bg5 Re8 20. Bxf6
Rxf6 21. g4 Rff8 22. Ng3 Rc8 23. Ne4 Kg7 24. Rb1 Nd8 25. Kd2 Rc7 26. Rbh1
Rh8 27. c3 dxc3+ 28. Kxc3 Nf7 29. Rb1 Rhc8 30. Rhh1 Rd8 31. Rhe1 Rcd7 32.
Re3 Rc7 33. Rb4 Rcd7 34. a4 Rc8 35. Re1 Rcd8 36. Be2 Rc8 37. Reb1 Rcc7 38.
a5 Nd8 39. a6 bxa6 40. Ra1 Nc6 41. Rb2 a5 42. Nd6 1-0

[Event "ECC"]
[Site "Rethymnon GRE"]
[Date "2003.10.02"]
[Round "5"]
[White "Kosmo,S"]
[Black "Saunders,R"]
[Result "1/2-1/2"]
[WhiteElo "2180"]
[BlackElo "2170"]
[EventDate "2003.09.28"]

1. e4 e5 2. f4 Bc5 3. Nf3 d6 4. c3 Bb6 5. Na3 Nf6 6. Qc2 Qe7 7. fxe5 dxe5
8. Nc4 Nc6 9. Nxb6 axb6 10. d3 h6 11. b4 b5 12. Be2 Bd7 13. O-O Nh7 14. Be3
b6 15. Qd2 Nf8 16. Qe1 g5 17. d4 exd4 18. Nxd4 Nxd4 19. Bxd4 Rg8 20. Bf6
Qe6 21. Qg3 Nh7 22. Bd4 O-O-O 23. Bd1 Qxe4 24. Rxf7 Rgf8 25. Bf3 Qc2 26.
Re7 Rfe8 27. Be4 Qb2 28. Rb1 Qxb1+ 29. Bxb1 Rxe7 30. Bd3 Rde8 31. h3 Nf8
32. Qf3 Kb8 33. Qd5 Re6 34. Kh2 Bc6 35. Qf5 Kb7 36. Bxb5 Bxb5 37. Qxb5 Ng6
38. Qd5+ Kb8 39. Qf5 Nh4 40. Qf7 Re2 41. Bf2 Rd8 1/2-1/2

[Event "ECC"]
[Site "Rethymnon GRE"]
[Date "2003.10.02"]
[Round "5"]
[White "Sinnett,G"]
[Black "Porrasmaa,T"]
[Result "1/2-1/2"]
[WhiteElo "2010"]
[BlackElo "2219"]
[EventDate "2003.09.28"]

1. d4 d6 2. c4 e5 3. dxe5 dxe5 4. Qxd8+ Kxd8 5. Nf3 f6 6. b3 Be6 7. Bb2 c6
8. Nc3 Nd7 9. O-O-O Kc7 10. e3 Nh6 11. h3 a5 12. Be2 Nf7 13. Ne1 Nc5 14.
Nd3 Nd7 15. Rhg1 Be7 16. g4 a4 17. f4 Nc5 18. Nxc5 Bxc5 19. Rg3 axb3 20.
axb3 Ba3 21. Bxa3 Rxa3 22. Kb2 Raa8 23. f5 Bd7 24. Rgg1 b6 25. Rd2 Rad8 26.
Rgd1 Bc8 27. Rxd8 1/2-1/2

[Event "ECC"]
[Site "Rethymnon GRE"]
[Date "2003.10.02"]
[Round "5"]
[White "Yilmaz,T"]
[Black "Ostenstad,B"]
[Result "0-1"]
[WhiteElo "2314"]
[BlackElo "2469"]
[EventDate "2003.09.28"]

1. e4 e6 2. d4 d5 3. exd5 exd5 4. Bd3 Bd6 5. Ne2 Qh4 6. Qd2 Bg4 7. Qg5 Qxg5
8. Bxg5 Nc6 9. f3 Bh5 10. c3 Bg6 11. Kd2 Nge7 12. Bf4 O-O-O 13. Bxd6 Rxd6
14. Nf4 Rf6 15. Nxg6 hxg6 16. Na3 Nf5 17. Nc2 Re6 18. Rae1 Rxe1 19. Bxf5+
gxf5 20. Nxe1 Kd7 21. Nd3 Kd6 22. Ke2 b6 23. Kf2 Nd8 24. h3 f6 25. Rd1 Ne6
26. Rd2 a5 27. b3 f4 28. Nb2 g5 29. Ke2 Ng7 30. Kd3 Nf5 31. Re2 Ne3 32. Kd2
c5 33. Nd1 Nf5 34. dxc5+ bxc5 35. Nf2 Nh4 36. Ng4 Rf8 37. Nh2 Rf7 38. Ke1
Rf8 39. Kf2 f5 40. Nf1 Ng6 41. Nd2 Ne5 42. c4 d4 43. Nb1 a4 44. Na3 Nd3+
45. Kf1 axb3 46. Nb5+ Kd7 47. axb3 Ra8 48. Kg1 Ra1+ 49. Kh2 Rb1 50. Ra2
Rxb3 51. Ra7+ Kc6 52. Rg7 Ne1 53. Rxg5 d3 54. Rg6+ Kb7 55. Rd6 Rb2 56. Kg1
Rxg2+ 57. Kf1 d2 58. Nc3 Rh2 59. Na4 Nc2 60. Nxc5+ Kc7 61. Rd3 Ne3+ 62. Kg1
Rg2+ 63. Kh1 Rf2 64. Ne6+ Kc6 65. Nd4+ Kb7 66. Rb3+ Kc8 0-1

[Event "ECC"]
[Site "Rethymnon GRE"]
[Date "2003.10.02"]
[Round "5"]
[White "Tisdall,J"]
[Black "Ipek,A"]
[Result "1-0"]
[WhiteElo "2481"]
[BlackElo "2232"]
[EventDate "2003.09.28"]

1. Nf3 Nf6 2. c4 c5 3. Nc3 Nc6 4. e3 e6 5. d4 cxd4 6. exd4 d5 7. a3 Be7 8.
Bd3 dxc4 9. Bxc4 O-O 10. O-O a6 11. Re1 b5 12. Ba2 Bb7 13. Be3 Rc8 14. Rc1
b4 15. axb4 Nxb4 16. Bb1 Nbd5 17. Bg5 h6 18. Bxf6 Nxf6 19. Ne5 Qa5 20. Re3
Rfd8 21. Rg3 Kf8 22. Bg6 Qb4 23. Bxf7 Rxd4 24. Qe1 Bd5 25. Re3 Bd6 26. Bg6
Bxe5 27. Rxe5 Qxb2 28. Rc2 Qb7 29. Nxd5 Rxc2 30. Rxe6 Rc8 31. Nxf6 gxf6 32.
Rxf6+ Kg8 33. Qe6+ Kh8 34. h3 Qc7 35. Bc2 Rh4 36. Rxh6+ Rxh6 37. Qxh6+ 1-0

[Event "ECC"]
[Site "Rethymnon GRE"]
[Date "2003.10.02"]
[Round "5"]
[White "Jansson,J"]
[Black "Solakoglu,O"]
[Result "1-0"]
[WhiteElo "2256"]
[BlackElo "2084"]
[EventDate "2003.09.28"]

1. Nf3 Nf6 2. d4 d5 3. c4 dxc4 4. e3 e6 5. Bxc4 Nbd7 6. O-O Bd6 7. Nc3 O-O
8. e4 e5 9. Bg5 Qe8 10. Re1 exd4 11. Nd5 Ng4 12. e5 Ndxe5 13. Nxe5 Bxe5 14.
h3 Bh2+ 15. Kf1 Ne5 16. f4 Be6 17. Rxe5 f6 18. Rxe6 Qxe6 19. Ne7+ 1-0

[Event "ECC"]
[Site "Rethymnon GRE"]
[Date "2003.10.02"]
[Round "5"]
[White "Akman,O"]
[Black "Hammerstad,A"]
[Result "1-0"]
[WhiteElo "2013"]
[BlackElo "2180"]
[EventDate "2003.09.28"]

1. e4 e6 2. d4 d5 3. Nc3 Bb4 4. Nge2 dxe4 5. a3 Bxc3+ 6. Nxc3 Nc6 7. Bb5
Nge7 8. Be3 O-O 9. Qd2 f5 10. O-O-O a6 11. Bxc6 Nxc6 12. f3 exf3 13. gxf3
e5 14. d5 Ne7 15. Bg5 Qd6 16. Rhe1 Ng6 17. h4 Nh8 18. Qf2 Bd7 19. Be3 b6
20. f4 e4 21. Rg1 Qh6 22. Bd4 Rf7 23. Rg5 Be8 24. Rdg1 g6 25. h5 Rf8 26. d6
c5 27. Be5 Nf7 28. Rxg6+ hxg6 29. Rxg6+ Qxg6 30. hxg6 Nxe5 31. fxe5 Bxg6
32. Nd5 Kg7 33. Nf4 Rh8 34. Qg2 Rh6 35. Qg5 Re8 36. Qf6+ Kh7 37. b3 c4 38.
Kb2 cxb3 39. d7 1-0

[Event "ECC"]
[Site "Rethymnon GRE"]
[Date "2003.10.03"]
[Round "6"]
[White "Markowski,T"]
[Black "Kasimdzhanov,R"]
[Result "1/2-1/2"]
[WhiteElo "2610"]
[BlackElo "2664"]
[EventDate "2003.09.28"]

1. g3 g6 2. Bg2 Bg7 3. c4 c5 4. Nc3 Nc6 5. Nf3 e5 6. O-O Nge7 7. a3 a5 8.
d3 O-O 9. Rb1 d6 10. Bd2 Rb8 11. Qa4 Bd7 12. Nb5 Nf5 13. Qd1 Ncd4 14. Nc3
Nxf3+ 15. Bxf3 Nd4 16. Bg2 b5 17. e3 b4 18. axb4 cxb4 19. exd4 bxc3 20.
Bxc3 exd4 21. Bd2 a4 22. b4 axb3 23. Rxb3 Qc7 24. Rxb8 1/2-1/2

[Event "ECC"]
[Site "Rethymnon GRE"]
[Date "2003.10.03"]
[Round "6"]
[White "Galkin,A"]
[Black "Tregubov,P"]
[Result "1/2-1/2"]
[WhiteElo "2607"]
[BlackElo "2635"]
[EventDate "2003.09.28"]

1. e4 c5 2. Nf3 Nc6 3. d4 cxd4 4. Nxd4 Nf6 5. Nc3 e5 6. Ndb5 d6 7. Bg5 a6
8. Na3 b5 9. Bxf6 gxf6 10. Nd5 f5 11. Bd3 Be6 12. O-O Bxd5 13. exd5 Ne7 14.
c3 Bg7 15. Nc2 e4 16. Be2 Qb6 17. Qd2 O-O 18. Qg5 Ng6 19. Qxf5 Rac8 20. Qg5
Rc5 21. Qe3 Qb7 22. a4 bxa4 23. Nd4 Qxd5 24. Rxa4 a5 25. Rfa1 Qb7 26. b3
Qb6 27. Bc4 Re8 28. Nf5 Qd8 29. Nxg7 Kxg7 30. g3 f5 31. Bf1 Rf8 32. Qd4+
Kh6 33. Bg2 Rb5 34. R1a3 Qb8 35. Qd2+ Kg7 36. Qb2 Ne5 37. c4 Rb4 38. Qc3
Rf7 39. Rxa5 Rfb7 40. Ra8 Qc7 41. Qe3 h6 42. Bh3 Qf7 43. Bf1 Nf3+ 44. Kg2
Qf6 45. R8a6 Nd4 46. Qf4 R4b6 47. Rxb6 Rxb6 48. Qe3 Rb7 49. Qc3 f4 50. b4
e3 51. fxe3 fxe3 52. Qxe3 Nc2 53. Qe4 Rf7 54. Qg4+ Qg5 55. Qxg5+ hxg5 56.
Rc3 Nxb4 57. Be2 Re7 58. Bf3 Rc7 59. Be2 Rc5 60. Rb3 Nc6 61. Rb1 Kf6 62.
Rb6 Ke7 1/2-1/2